BIBLIOTECA PODER JUDICIAL
Portal Judicial TDF

Necesidades y derechos : (Registro nro. 158)

000 -LEADER
fixed length control field 01098nam a22002177a 4500
003 - CONTROL NUMBER IDENTIFIER
control field OSt
005 - DATE AND TIME OF LATEST TRANSACTION
control field 20181204105659.0
008 - FIXED-LENGTH DATA ELEMENTS--GENERAL INFORMATION
fixed length control field 180313b xxu||||| |||| 00| 0 spa d
020 ## - INTERNATIONAL STANDARD BOOK NUMBER
International Standard Book Number 8425909678
040 ## - CATALOGING SOURCE
Transcribing agency PJ
100 ## - ASIENTO PRINCIPAL - NOMBRE DE PERSONA
9 (RLIN) 159
Personal name Añón Roig, María José
245 10 - MENCIÓN DE TÍTULO
Título propiamente dicho Necesidades y derechos :
Parte restante del título un ensayo de fundamentación /
Mención de responsabilidad, etc María José Añón Roig.
260 ## - PUBLICATION, DISTRIBUTION, ETC. (IMPRINT)
Place of publication, distribution, etc Madrid :
Name of publisher, distributor, etc Centro de Estudios Constitucionales,
Date of publication, distribution, etc 1994.
300 ## - DESCRIPCION FISICA
Extent 350 p.
Dimensions 21 cm.
490 ## - MENCION DE SERIE
Mención de Serie El derecho y la Justicia
Designación numérica/secuencial del volumen 39
500 ## - NOTA GENERAL
General note Citas y notas bibliográficas a pie de página.
504 ## - NOTA DE BIBLIOGRAFÍA, ETC.
Bibliography, etc Bibliografía: p. 323-344.
505 ## - FORMATTED CONTENTS NOTE
Formatted contents note Contenido:<br/>Primera parte: Aproximación al concepto de necesidades básicas -- I. Las necesidades como categoría ontológico-social -- II. Necesidades y teorías de la motivación -- III. Necesidades daño y privación -- Segunda parte: Sobre el carácter normativo de las necesidades --IV. Necesidades básicas y orden normativo -- V. Fundamentos de derechos y necesidades básicas .
650 ## - ASIENTO SECUNDARIO DE MATERIA - TERMINO TEMATICO
Topical term or geographic name as entry element FILOSOFIA DEL DERECHO
9 (RLIN) 177
942 ## - ADDED ENTRY ELEMENTS (KOHA)
Source of classification or shelving scheme
Koha item type Libros
Classification part 340.12
Item part AÑO
Existencias
Withdrawn status Lost status Source of classification or shelving scheme Damaged status Not for loan Permanent Location Current Location Date acquired Full call number Barcode Date last seen Price effective from Koha item type
          Biblioteca Poder Judicial Sur Biblioteca Poder Judicial Sur 2018-03-21 340.12 AÑO 1807 2018-03-21 2018-03-21 Libros

12 de Octubre 789 Ushuaia - Tel:  54(02901)441571
Horario de Atención: 8.00 a 17.00 hs. 
bibliotecaush@justierradelfuego.gov.ar
koha@justierradelfuego.gov.ar
Seguinos en nuestras redes @bibliojustdf 

Con tecnología Koha